Report of the Committee on Shipping: on its seventh session
Saved in:
| Institution som forfatter: | |
|---|---|
| Format: | Bog |
| Sprog: | engelsk |
| Udgivet: |
Nueva York
ONU
1976
|
| Serier: | Supplement, 3
|
| Fag: | |
| Tags: |
Tilføj Tag
Ingen Tags, Vær først til at tagge denne postø!
|
MARC
| LEADER | 00000nam a2200000 a 4500 | ||
|---|---|---|---|
| 001 | UCU6498 | ||
| 003 | CL-VaPUC | ||
| 005 | 20240829121957.0 | ||
| 008 | 960621e19760000us 1 eng d | ||
| 082 | 0 | 4 | |a 387.5 |b TRA |2 21 |
| 110 | 2 | |a Trade and Development Board |e author |9 617840 | |
| 245 | 1 | 0 | |a Report of the Committee on Shipping: on its seventh session |
| 260 | |a Nueva York |b ONU |c 1976 | ||
| 300 | |a 40 p | ||
| 490 | 0 | |a Supplement, 3 | |
| 583 | |a last modification |c 19960621 00:00:00 |k Rodrigo Vera | ||
| 650 | 0 | 0 | |a Transporte marítimo |9 260127 |
| 650 | 0 | 0 | |a Rutas marítimas |9 339718 |
| 650 | 0 | 7 | |a TRANSPORTE INTERNACIONAL |2 CL-VaPUC |9 617841 |
| 650 | 0 | 7 | |a BUQUES MERCANTES |2 CL-VaPUC |9 358741 |
| 650 | 0 | 7 | |a POLITICA DE TRANSPORTES |2 CL-VaPUC |9 358677 |
| 942 | |c BK | ||
| 945 | |a cmena |d 19960621 00:00:00 | ||
| 546 | |a En Inglés | ||
| 518 | |p United Nations Conference on Trade and Development, 7, Génova, 10 al 21 de Noviembre de 1975 | ||
| 999 | |c 382671 |d 382669 | ||